| 000 | 00632nam a2200253Ia 4500 | ||
|---|---|---|---|
| 003 | OSt | ||
| 005 | 20140314130529.0 | ||
| 008 | 140130s9999 xx 000 0 und d | ||
| 020 | _a9780439243582 | ||
| 050 |
_aPZ 7 _b.L8432Fq 2001 |
||
| 100 | _aLondon, Jonathan. | ||
| 245 |
_cJonathan London. _aFroggy bakes a cake / |
||
| 260 |
_bScholastic Inc., _cc2001. _aUSA : |
||
| 300 |
_a34 p. : _bcol. ill. ; _c23 cm. |
||
| 440 | _v1 | ||
| 521 | _aG1 | ||
| 526 | _c260 | ||
| 650 |
_aFrogs _xFiction. |
||
| 650 |
_aBaking _xFiction. |
||
| 650 |
_aBirthdays _xFiction. |
||
| 942 |
_cBK _2lcc |
||
| 999 |
_c40058 _d40058 |
||